| 000 | 00517nam a2200169Ia 4500 | ||
|---|---|---|---|
| 003 | LK-CoDNM | ||
| 008 | 010623t2012 xxu||||| |||| 00| 1 sin d | ||
| 040 |
_aLK-CoDNM _dLK-CoDNM _eLK-CoDNM |
||
| 041 | _asin | ||
| 080 | _a159.9 SEN | ||
| 100 | _aSenasingha,Thilak | ||
| 245 | _aඅවතාර ලුහුබැඳ : හේතුවාදී විමර්ෂණයක් | ||
| 246 | _aAwathara Luhubada : Hethwadee Vimarshanayak | ||
| 260 |
_bKinkini _aPannipitiya _c2012 |
||
| 300 | _b160, 21 cm | ||
| 942 | _cBK | ||
| 999 |
_c132135 _d132135 |
||